000 00774nam a2200193 4500
001 86134
003 BD-RjUL
005 20260125115016.0
008 260125s2016 b ||||| |||| 00| 0 ara d
035 _a(BD-RjUL)86134
040 _aBD-RjUL
_beng
_cBD-RjUL
041 _aeng
082 _223
_a291
_bHUR 2016
100 _aحسين٠ محمد بلال ;; Husein, Muhammad Bilal
_917628
245 _aرحلة : مع علماء مقارنة الأديان في العصر الحديث ;; rihlat : mae eulama' muqaranat al'adyan fi aleasr alhadith /
_cمحمد بلال حسين ;; Muhammad Bilal Hussein
260 _aRajshahi :
_bالنهضة للطباعة والنشر ,
_c2016
650 _aمقارنة الأديان تقابلِ ادیان
_917629
942 _2ddc
_cBK
999 _c86134
_d86134